Top 20 best football clubs of 2000s - Statistics

General Stats
  • This quiz has been taken 144 times
  • The average score is 17 of 20
Answer Stats
Position Hint Answer % Correct
1 2 Champions League, 3 La Liga titles Barcelona
99%
5 Champions League 2001, 6 Bundesliga titles Bayern Munich
98%
6 Champions League 2008 final, 2 Premier League titles Chelsea
98%
2 Champions League 2008, 6 Premier League titles Manchester United
98%
3 2 Champions League, 4 La Liga titles Real Madrid
98%
4 2 Champions League, Serie A 2004 AC Milan
97%
7 Champions League 2006 final, 2 Premier League titles Arsenal
96%
9 4 Serie A titles Inter Milan
95%
10 Champions League 2003 final, 2 Serie A titles Juventus
94%
11 UEFA Cup 2003, Champions League 2004, 6 Primeira Liga titles Porto
91%
14 7 Ligue 1 titles Lyon
86%
13 UEFA Cup 2004, 2 Champions League finals, 2 La Liga titles Valencia
84%
8 Champions League 2005, UEFA Cup 2001 Liverpool
82%
19 7 Eredivisie titles PSV
82%
16 Serie A 2001 Roma
79%
20 Ligue 1 2000, Champions League final 2004 Monaco
75%
12 4 Copa Libertadores Boca Juniors
74%
18 UEFA Cup 2005, 3 Russian Premier League titles CSKA Moscow
60%
17 UEFA Cup 2009, 4 Ukrainian Premier League titles Shakhtar Donetsk
57%
15 2 UEFA Cup Sevilla
56%
No matching quizzes found
Score Distribution
Percent of People with Each Score
Percentile by Number Answered
Your Score History
You have not taken this quiz